Escola de la dona : formació de qualitat oberta a tothom formació de qualitat oberta a tothom
Publicado:
Barcelona :
Diputació de Barcelona. Àrea d'Atenció a les Persones. Gerència de Serveis d'Igualtat i Ciutadania. Oficina d'Igualtat i Drets Civils. Espai Francesca Bonnemaison ,
2013
Descripción Física:
1 tríptic : il. ; 21 cm
Materias:
Dones -- Educació -- Barcelona
MARC
| LEADER | 00000nam a2200000Ia 4500 | ||
|---|---|---|---|
| 001 | 23957 | ||
| 008 | 160829s2013 xx 000 0 cat d | ||
| 080 | |a FU-62-106 | ||
| 245 | |a Escola de la dona : |b formació de qualitat oberta a tothom | ||
| 260 | |a Barcelona : |b Diputació de Barcelona. Àrea d'Atenció a les Persones. Gerència de Serveis d'Igualtat i Ciutadania. Oficina d'Igualtat i Drets Civils. Espai Francesca Bonnemaison, |c 2013 | ||
| 300 | |a 1 tríptic : |b il. ; |c 21 cm | ||
| 650 | |a Dones |x Educació |x Barcelona |9 49742 | ||
| 710 | 2 | |a Escola Professional de la Dona |9 52886 | |
| 710 | |a Barcelona (Catalunya : Província). |b Espai Francesca Bonnemaison |9 53828 | ||
| 901 | |a Arxiu | ||
| 942 | |n 1 | ||
| 952 | |0 0 |1 0 |4 0 |6 FU62106 |7 1 |9 55563 |a Arxiu |b Arxiu |d 2016-12-01 |l 0 |o FU-62-106 |p 23957 |r 2016-12-01 00:00:00 |w 2016-12-01 |y ARXIU | ||
| 999 | |c 59436 |d 59436 | ||